000 00963nam a22002175i 4500
001 159861
003 ES-MaACL
005 20250929063229.0
008 000717s1852 fr af |||| | fre d
040 _aCCPB | B
_bspa
_cCCPB | B
100 1 _aMoigno, François,
_d1804-1884
_9130010
245 1 0 _aTraité de télégraphie électrique
_b: comprenant son histoire, sa théorie, ses appareils ... précédé d'un exposé de la télégraphie en général et de la télégraphie en général /
_cpar M. l'abbé Moigno.
250 _a2e éd. entiérement refondue et complétée.
260 _aParis :
_bA. Franck, libraire-éditeur,
_c1852 (
_fimprimerie de Plon Fréres)
300 _a2 v. ;
_c22 cm.
505 8 _aContiene: Vol. I. Texto. Vol. II. Atlas
597 _aVol. I (XV, 632 p.) -- Vol. II (3 p., XXII h. de grab.)
650 4 _aTelégrafo.
_917430
852 _aES-MaACL
_jG-11866
_z-- Enc. hol.
_q-- Sólo t.I
999 _c159861
_d159861